000 00703cam a2200193 4500
001 J64335
008 000000n1974 000 0 eng u
035 _a(Sirsi) u112302
110 _aInstitute of Building Control
_93341
245 4 _aThe Institution of Building Control Officers - Southern branch - Eight weekend school Royal Beach Hotel Southsea
260 _aEpsom
_bIBC
_c1974
300 _a71p. ; 30cm.
520 _aStored in basement. Held at Royal Beach Hotel Southsea Friday 22 March -24th March 1974
650 _aIBC
650 _aINSTITUTE OF BUILDING CONTROL
650 _aPROFESSIONAL ASSOCIATIONS
690 _aMANAGEMENT-BUSINESS MANAGEMENT-PROFESSIONAL PRACTICE
942 _n0
999 _c101398
_d101398